Loading...
| History - Other History | 1 | 3 | 0 | 1 | 45 | 70 | 106.50 | 0 | 1 |
| History - European History | 1 | 2 | 0 | 1 | 35 | 48 | 100.67 | 1 | 2 |
| History - American History | 0 | 2 | 0 | 0 | 20 | 75 | 95.00 | 1 | 2 |
| Religion | 0 | 2 | 1 | 0 | 15 | 100 | 115.00 | 0 | 1 |
| Science - Biology | 1 | 0 | 0 | 0 | 15 | 42 | 42.00 | 0 | 1 |
| Literature - American Literature | 1 | 0 | 0 | 0 | 15 | 33 | 33.00 | 1 | 1 |
| Pop Culture | 0 | 1 | 0 | 1 | 10 | 139 | 139.00 | 0 | 0 |
| Literature - World Literature | 0 | 1 | 0 | 0 | 10 | 124 | 124.00 | 0 | 0 |
| Philosophy | 0 | 1 | 0 | 0 | 10 | 129 | 129.00 | 0 | 1 |
| Literature - European Literature | 0 | 1 | 1 | 0 | 5 | 100 | 100.00 | 1 | 1 |
| Other Academic | 0 | 0 | 1 | 0 | -5 | 0.00 | 0 | 0 | |
| Fine Arts - Other Fine Arts | 0 | 0 | 1 | 0 | -5 | 0.00 | 0 | 0 | |
| History - World History | 0 | 0 | 1 | 0 | -5 | 0.00 | 0 | 0 |